Statistics for Countries that start and end with a consonant

Click here to take the quiz!

General Stats

  • This quiz has been taken 547 times
    (534 since last reset)
  • The average score is 48 of 59

Answer Stats

Country% Correct
Sweden
96%
Switzerland
94%
Japan
94%
Spain
93%
Finland
93%
Portugal
92%
Belgium
91%
Netherlands
90%
Kazakhstan
90%
Turkmenistan
90%
Poland
88%
Brazil
87%
Denmark
87%
Pakistan
87%
New Zealand
87%
Jordan
86%
Vietnam
86%
Chad
85%
Tajikistan
85%
Luxembourg
85%
Thailand
84%
Kyrgyzstan
84%
Liechtenstein
83%
Czech Republic
83%
Sudan
83%
Bhutan
83%
Bahrain
83%
Yemen
82%
Barbados
82%
Lebanon
82%
Bangladesh
82%
Laos
81%
Kuwait
80%
Qatar
80%
Belarus
80%
Nepal
80%
Swaziland
80%
Bahamas
79%
Madagascar
79%
Benin
78%
Saint Kitts and Nevis
78%
Seychelles
78%
Solomon Islands
78%
South Sudan
78%
Taiwan
78%
Dominican Republic
78%
Cyprus
77%
Cameroon
77%
Marshall Islands
76%
Saint Vincent and the Grenadines
76%
Comoros
76%
Central African Republic
74%
Philippines
74%
Honduras
74%
Niger
74%
Gabon
73%
Senegal
73%
Mauritius
71%
Maldives
71%

Score Distribution

Percentile by Number Answered

Percent of People with Each Score

Your Score History

You have not taken this quiz since the last reset